Finite geometries, buildings, and related topics / (Record no. 7792)

MARC details
000 -LEADER
fixed length control field 01232pam a2200289 a 4500
001 - CONTROL NUMBER
control field 2470303
003 - CONTROL NUMBER IDENTIFIER
control field OSt
005 - DATE AND TIME OF LATEST TRANSACTION
control field 20220304121421.0
008 - FIXED-LENGTH DATA ELEMENTS--GENERAL INFORMATION
fixed length control field 900215s1990 enka b 100 0 eng
010 ## - LIBRARY OF CONGRESS CONTROL NUMBER
LC control number 90032861
020 ## - INTERNATIONAL STANDARD BOOK NUMBER
International Standard Book Number 0198532148 :
Terms of availability $26.25 (U.S.)
040 ## - CATALOGING SOURCE
Original cataloging agency DLC
Transcribing agency DDC
Modifying agency DLC
082 00 - DEWEY DECIMAL CLASSIFICATION NUMBER
Classification number 511.6.FIN.1990
245 00 - TITLE STATEMENT
Title Finite geometries, buildings, and related topics /
Statement of responsibility, etc. edited by William M. Kantor ... [et al.].
260 ## - PUBLICATION, DISTRIBUTION, ETC. (IMPRINT)
Place of publication, distribution, etc. Oxford :
Name of publisher, distributor, etc. Clarendon Press ;
Place of publication, distribution, etc. New York :
Name of publisher, distributor, etc. Oxford University Press,
Date of publication, distribution, etc. c1990.
300 ## - PHYSICAL DESCRIPTION
Extent xii, 159 p. :
Other physical details ill. ;
Dimensions 24 cm.
504 ## - BIBLIOGRAPHY, ETC. NOTE
Bibliography, etc Includes bibliographical references.
650 #0 - SUBJECT ADDED ENTRY--TOPICAL TERM
Topical term or geographic name as entry element Buildings (Group theory)
General subdivision Congresses.
9 (RLIN) 15871
650 #0 - SUBJECT ADDED ENTRY--TOPICAL TERM
Topical term or geographic name as entry element Finite groups
General subdivision Congresses.
9 (RLIN) 15872
650 #0 - SUBJECT ADDED ENTRY--TOPICAL TERM
Topical term or geographic name as entry element Graph theory
General subdivision Congresses.
9 (RLIN) 15873
700 1# - ADDED ENTRY--PERSONAL NAME
Personal name Kantor, W. M.
Fuller form of name (William M.),
Dates associated with a name 1944-
9 (RLIN) 15874
856 42 - ELECTRONIC LOCATION AND ACCESS
Materials specified Publisher description
Uniform Resource Identifier http://www.loc.gov/catdir/enhancements/fy0638/90032861-d.html
856 41 - ELECTRONIC LOCATION AND ACCESS
Materials specified Table of contents only
Uniform Resource Identifier http://www.loc.gov/catdir/enhancements/fy0638/90032861-t.html
906 ## - LOCAL DATA ELEMENT F, LDF (RLIN)
a 7
b cbc
c orignew
d 1
e ocip
f 19
g y-gencatlg
942 ## - ADDED ENTRY ELEMENTS (KOHA)
Source of classification or shelving scheme Dewey Decimal Classification
Koha item type Open Shelf
Holdings
Withdrawn status Lost status Source of classification or shelving scheme Damaged status Not for loan Home library Current library Date acquired Source of acquisition Inventory number Total Checkouts Full call number Barcode Date last seen Price effective from Koha item type
    Dewey Decimal Classification     MUST Main Library MUST Main Library 04/03/2022 Donation 2001/15072   511.6.FIN.1990 2022-0403 04/03/2022 04/03/2022 Open Shelf
    Dewey Decimal Classification     MUST Main Library MUST Main Library 04/03/2022 Donation 2001/15075   511.6.FIN.1990 2022-0404 04/03/2022 04/03/2022 Open Shelf
    Dewey Decimal Classification     MUST Main Library MUST Main Library 04/03/2022 Donation 2001/15073   511.6.FIN.1990 2022-0405 04/03/2022 04/03/2022 Open Shelf
    Dewey Decimal Classification     MUST Main Library MUST Main Library 04/03/2022 Donation 2001/15074   511.6.FIN.1990 2022-0406 04/03/2022 04/03/2022 Open Shelf
    Dewey Decimal Classification     MUST Main Library MUST Main Library 16/03/2022 Purchase 2001-15071   511.6.FIN.1990 2022-0447 16/03/2022 16/03/2022 Open Shelf